All Rainbow Six Siege Operations - Statistics

General Stats
  • This quiz has been taken 41 times
    27 since last reset
  • The average score is 10 of 34
Answer Stats
Operation Title % Correct
Black Ice
85%
White Noise
60%
Health
55%
Blood Orchid
50%
Dust Line
50%
Chimera
45%
Velvet Shell
45%
New Blood
40%
Grim Sky
35%
Heavy Mettle
35%
Skull Rain
35%
Burnt Horizon
30%
Deadly Omen
30%
Para Bellum
30%
Phantom Sight
30%
Red Crow
30%
Deep Freeze
25%
Dread Factor
25%
Shifting Tides
25%
Void Edge
25%
Wind Bastion
25%
Crystal Guard
20%
Ember Rise
20%
Solar Raid
20%
Steel Wave
20%
Brutal Swarm
15%
Crimson Heist
15%
Neon Dawn
15%
Vector Glare
15%
Commanding Force
10%
Demon Veil
10%
High Calibre
10%
North Star
10%
Shadow Legacy
10%
No matching quizzes found
Score Distribution
Percent of People with Each Score
Percentile by Number Answered
Your Score History
You have not taken this quiz since the last reset